000 00870cam a2200205 4500
001 ABS65396
008 020430n2002 000 0 eng u
035 _a(Sirsi) u117749
100 _aBabbage, T
245 _aNever an ordinary week- planning for housing gain
260 _c2002
490 _aAxis
_v57(1) February-March-April 2002, 15-17(2)
520 _aDiscusses whether Homelessness Act and Planning Green Paper will result in more affordable housing. Argues that housing starts are at an all-time low, and there is disparity between regions, problems that are difficult to solve due to land unavailability. Concludes that capital housing funding needs to be increased to address the issue.
590 _aABS
650 _aHOMELESSNESS ACT 2002
650 _aGREEN PAPER
650 _aHOUSING STARTS
690 _aAffordable housing
_96215
942 _n0
999 _c70114
_d70114